| 000 | 00754cam a2200289 a 4500 | ||
|---|---|---|---|
| 020 | _a9780199640911 | ||
| 020 | _a0199640912 | ||
| 082 | 0 | 4 |
_a201.7273 _bCLA |
| 100 | _aClarke Steve | ||
| 245 | 0 | 0 | _aReligion, intolerance, and conflict : |
| 250 | _aFirst edition. | ||
| 260 |
_aUnited Kingdom _bOxford University press _c2013 |
||
| 300 |
_axviii, 282 pages : _billustration ; |
||
| 650 | 0 | _aReligious tolerance. | |
| 650 | 0 | _aSocial conflict | |
| 650 | 0 | _aEthnic conflict | |
| 650 | 0 | _aFreedom of religion. | |
| 650 | 0 | _aWar | |
| 650 | 0 | _aTerrorism | |
| 650 | 4 | _aFreedom of religion. | |
| 650 | 4 | _aTerrorism | |
| 650 | 4 | _aWar | |
| 700 | 1 | _aClarke, Steve, | |
| 700 | 1 | _aPowell, Russell, | |
| 700 | 1 | _aSavulescu, Julian, | |
| 942 | _cBK | ||
| 999 |
_c23635 _d23635 |
||